| 000 | 01574nam a22003374a 4500 | ||
|---|---|---|---|
| 001 | ebr10271483 | ||
| 003 | CaPaEBR | ||
| 006 | m u | ||
| 007 | cr cn||||||||| | ||
| 008 | 040817s2005 nyua sb 001 0 eng | ||
| 010 | _z 2004019185 | ||
| 020 | _z0195173643 (cloth) | ||
| 040 |
_aCaPaEBR _cCaPaEBR |
||
| 035 | _a(OCoLC)314210291 | ||
| 050 | 1 | 4 |
_aRJ503 _b.T75 2005eb |
| 082 | 0 | 4 |
_a616.89/00835 _222 |
| 245 | 0 | 0 |
_aTreating and preventing adolescent mental health disorders _h[electronic resource] : _bwhat we know and what we don't know : a research agenda for improving the mental health of our youth / _cedited by the commission chairs of the Annenberg Foundation Trust at Sunnylands' Adolescent Mental Health Initiative, Dwight L. Evans, ...[et al.]. |
| 260 |
_aNew York : _bOxford University Press, _c2005. |
||
| 300 |
_axi, 818 p. : _bill. |
||
| 504 | _aIncludes bibliographical references (p. 625-790) and index. | ||
| 533 |
_aElectronic reproduction. _bPalo Alto, Calif. : _cebrary, _d2013. _nAvailable via World Wide Web. _nAccess may be limited to ebrary affiliated libraries. |
||
| 650 | 0 | _aAdolescent psychopathology. | |
| 650 | 0 |
_aTeenagers _xMental health. |
|
| 650 | 0 |
_aMental illness _xTreatment. |
|
| 650 | 0 | _aBehavioral assessment of teenagers. | |
| 655 | 7 |
_aElectronic books. _2local |
|
| 700 | 1 | _aEvans, Dwight L. | |
| 710 | 2 | _aAnnenberg Foundation Trust at Sunnylands. | |
| 710 | 2 | _aebrary, Inc. | |
| 856 | 4 | 0 |
_uhttp://site.ebrary.com/lib/rucke/Doc?id=10271483 _zAn electronic book accessible through the World Wide Web; click to view |
| 999 |
_c7354 _d7354 |
||